| 000 | 00588nam a22001217a 4500 | ||
|---|---|---|---|
| 008 | 110615t xxu||||| |||| 00| 0 eng d | ||
| 010 | _aSCCAF24 | ||
| 245 | _aSupreme Court Criminal Appeal No. 12 OF 1998 Rukarekoha Felex Vs Uganda | ||
| 260 | _c1998 | ||
| 500 | _aCoram: Wambuzi C.J., Tsekooko, Karokora, Mulenga, & Kikonyogo, JJ.S.C. | ||
| 500 | _aAppeal from judgement of Court of Appeal Okello, Berko and Engwau JJ.A at Kampala, dated 20th March, 1996 in Criminal Appeal No. 10 of 1997 | ||
| 999 |
_c2982 _d2982 |
||